Αιώνες παιδικής ηλικίας
Αποθηκεύτηκε σε:
| Κύριος συγγραφέας: | |
|---|---|
| Άλλοι συγγραφείς: | |
| Μορφή: | Βιβλίο |
| Γλώσσα: | Greek French |
| Δημοσίευση: |
Αθήνα :
Γλάρος,
1990.
|
| Σειρά: | Κοινωνιολογία, ανθρωπολογία ;
4 |
| Θέματα: | |
| Ετικέτες: |
Προσθήκη ετικέτας
Δεν υπάρχουν, Καταχωρήστε ετικέτα πρώτοι!
|
MARC
| LEADER | 00000cam a2200000 i 4500 | ||
|---|---|---|---|
| 001 | 1/63073 | ||
| 008 | 960605s1990 gr | ||| |||| ||gre|| | ||
| 020 | |a 9602751975 | ||
| 035 | |1 ΠΑΡ |a 1997 |l 10029188 | ||
| 040 | |a GR-MyUA |b gre |e AACR2 | ||
| 041 | 1 | |a gre |h fre | |
| 082 | 7 | |a 305.23094 |2 (22) | |
| 100 | 1 | |a Ariès, Philippe. | |
| 245 | 1 | 0 | |a Αιώνες παιδικής ηλικίας / |c Φιλίπ Αριές ; μετάφραση: Γιούλη Αναστασοπούλου. |
| 260 | |a Αθήνα : |b Γλάρος, |c 1990. | ||
| 300 | |a 373 σ. | ||
| 490 | 1 | |a (Κοινωνιολογία, ανθρωπολογία ; |v 4) | |
| 650 | 0 | 0 | |a Children |z France |x History. |
| 650 | 0 | 0 | |a Family |z France |x History. |
| 650 | 0 | 0 | |a Children |z France. |
| 650 | 0 | 0 | |a Education. |
| 650 | 0 | 0 | |a Family |z France. |
| 700 | 1 | |a Αναστοπούλου, Γιούλη, |e trlf | |
| 765 | 0 | 8 | |i Μετάφραση του: |t L'enfant et la vie familiale sous l'Ancien Regime / |
| 830 | 0 | |a Κοινωνιολογία, ανθρωπολογία ; |v 4 | |
| 852 | |a INST |b CHIOS |e 19960605 |h 306.8740944 ARI |p 005200003618 |q 005200003618 |t BK |y 0 | ||
| 852 | |a INST |b LESVOS |e 19980312 |h 305.23094 ARI |p 005100002911 |q 005100002911 |t BK |y 0 | ||
| 909 | |a Χ |b 036781 | ||
| 909 | |a Λ |b 020737 | ||